Loading...
Science - Physics | 0 | 8 | 0 | 2 | 80 | 37 | 94.38 | 2 | 3 |
Science - Biology | 0 | 4 | 1 | 0 | 35 | 86 | 95.00 | 0 | 0 |
Literature - World Literature | 0 | 2 | 0 | 0 | 20 | 153 | 160.00 | 0 | 0 |
Literature - British Literature | 0 | 1 | 0 | 0 | 10 | 110 | 110.00 | 0 | 0 |
Mythology | 0 | 1 | 0 | 0 | 10 | 74 | 74.00 | 0 | 0 |
History - European History | 0 | 1 | 0 | 0 | 10 | 135 | 135.00 | 0 | 0 |
Science - Other Science | 0 | 1 | 1 | 0 | 5 | 105 | 105.00 | 0 | 0 |
History - American History | 0 | 1 | 1 | 0 | 5 | 95 | 95.00 | 0 | 0 |
Science - Chemistry | 0 | 2 | 3 | 0 | 5 | 73 | 98.50 | 0 | 1 |
Literature - European Literature | 0 | 0 | 1 | 0 | -5 | 0.00 | 0 | 0 | |
Current Events | 0 | 0 | 1 | 0 | -5 | 0.00 | 0 | 0 |